[Event "Blitz 2018"]
[Site "Saint-Petersburg"]
[Date "2018.12.29"]
[Round "6"]
[Board "42"]
[White "Hovhannisyan Robert (ARM)"]
[Black "Zablotsky Sergei (RUS)"]
[Result "1-0"]
[LiveChessVersion "1.4.8"]
[BlackElo "2459"]
[WhiteElo "2588"]

1. e4 {[%clk 0:03:02]} d6 {[%clk 0:03:03]} 2. d4 {[%clk 0:03:03]} Nf6
{[%clk 0:03:04]} 3. Nc3 {[%clk 0:03:04]} e5 {[%clk 0:03:05]} 4. dxe5
{[%clk 0:03:05]} dxe5 {[%clk 0:03:06]} 5. Qxd8+ {[%clk 0:03:06]} Kxd8
{[%clk 0:03:06]} 6. Nf3 {[%clk 0:03:06]} Bd6 {[%clk 0:03:03]} 7. Be3
{[%clk 0:03:07]} a6 {[%clk 0:02:42]} 8. O-O-O {[%clk 0:02:55]} Ke7
{[%clk 0:02:30]} 9. Nd2 {[%clk 0:02:54]} Be6 {[%clk 0:01:50]} 10. f3
{[%clk 0:02:55]} Nbd7 {[%clk 0:01:41]} 11. g4 {[%clk 0:02:37]} h6
{[%clk 0:01:39]} 12. h4 {[%clk 0:02:37]} b5 {[%clk 0:01:28]} 13. Nb3
{[%clk 0:02:36]} c5 {[%clk 0:01:22]} 14. Na5 {[%clk 0:02:15]} Rhc8
{[%clk 0:01:04]} 15. g5 {[%clk 0:01:54]} hxg5 {[%clk 0:00:57]} 16. hxg5
{[%clk 0:01:55]} Ne8 {[%clk 0:00:58]} 17. Bh3 {[%clk 0:01:42]} c4
{[%clk 0:00:52]} 18. Nd5+ {[%clk 0:01:38]} Bxd5 {[%clk 0:00:47]} 19. Rxd5
{[%clk 0:01:39]} Rc7 {[%clk 0:00:27]} 20. Rhd1 {[%clk 0:01:32]} Nf8
{[%clk 0:00:22]} 21. Bb6 {[%clk 0:01:26]} Rac8 {[%clk 0:00:14]} 22. Bxc8
{[%clk 0:01:10]} Rxc8 {[%clk 0:00:16]} 23. Nb7 {[%clk 0:01:10]} Rc6
{[%clk 0:00:10]} 24. Nxd6 {[%clk 0:01:09]} Nxd6 {[%clk 0:00:08]} 25. Bc5
{[%clk 0:01:08]} Rxc5 {[%clk 0:00:07]} 26. Rxc5 {[%clk 0:01:09]} Ne6
{[%clk 0:00:08]} 27. Rxe5 {[%clk 0:01:08]} g6 {[%clk 0:00:07]} 28. f4
{[%clk 0:01:02]} Kd7 {[%clk 0:00:05]} 29. Red5 {[%clk 0:01:03]} 1-0

[Event "Blitz 2018"]
[Site "Saint-Petersburg"]
[Date "2018.12.29"]
[Round "6"]
[Board "43"]
[White "Yu Yangyi (CHN)"]
[Black "Drygalov Sergey (RUS)"]
[Result "1-0"]
[LiveChessVersion "1.4.8"]
[BlackElo "2428"]
[WhiteElo "2804"]

1. d4 {[%clk 0:03:03]} d5 {[%clk 0:03:03]} 2. c4 {[%clk 0:03:04]} c6
{[%clk 0:03:05]} 3. Nf3 {[%clk 0:03:05]} Nf6 {[%clk 0:03:06]} 4. Qc2
{[%clk 0:03:06]} dxc4 5. Qxc4 {[%clk 0:03:07]} Bg4 {[%clk 0:03:07]} 6. Nbd2
{[%clk 0:03:06]} e6 {[%clk 0:03:06]} 7. g3 {[%clk 0:03:08]} Nbd7 {[%clk 0:03:07]}
8. Bg2 {[%clk 0:03:09]} Be7 {[%clk 0:03:08]} 9. O-O {[%clk 0:03:10]} O-O
{[%clk 0:03:08]} 10. Qb3 {[%clk 0:03:09]} Nb6 {[%clk 0:03:02]} 11. a4
{[%clk 0:02:48]} a5 {[%clk 0:02:48]} 12. Rd1 {[%clk 0:02:48]} Nbd5
{[%clk 0:02:17]} 13. Nc4 {[%clk 0:02:46]} Nb4 {[%clk 0:02:13]} 14. Bg5
{[%clk 0:02:32]} Bf5 {[%clk 0:02:08]} 15. Rac1 {[%clk 0:02:30]} Be4
{[%clk 0:02:06]} 16. Nfe5 {[%clk 0:02:17]} Bxg2 {[%clk 0:01:43]} 17. Kxg2
{[%clk 0:02:18]} Qd5+ {[%clk 0:01:21]} 18. Qf3 {[%clk 0:01:54]} Qxf3+
{[%clk 0:01:20]} 19. Kxf3 {[%clk 0:01:51]} Rfd8 {[%clk 0:01:17]} 20. e3
{[%clk 0:01:49]} Ra6 {[%clk 0:00:23]} 21. Ke2 {[%clk 0:01:47]} b5
{[%clk 0:00:17]} 22. Nd2 {[%clk 0:01:23]} bxa4 {[%clk 0:00:17]} 23. Ra1
{[%clk 0:01:24]} h6 {[%clk 0:00:12]} 24. Bxf6 {[%clk 0:01:24]} gxf6
{[%clk 0:00:09]} 25. Nec4 {[%clk 0:01:21]} c5 {[%clk 0:00:10]} 26. dxc5
{[%clk 0:01:19]} Bxc5 {[%clk 0:00:09]} 27. Rxa4 {[%clk 0:01:19]} Be7
{[%clk 0:00:08]} 28. Rxa5 {[%clk 0:01:18]} Rc6 {[%clk 0:00:08]} 29. b3
{[%clk 0:01:16]} Nd5 {[%clk 0:00:08]} 30. Nb1 {[%clk 0:01:02]} Rb8
{[%clk 0:00:09]} 31. Rd3 {[%clk 0:01:02]} Bf8 {[%clk 0:00:09]} 32. Nbd2
{[%clk 0:00:45]} f5 {[%clk 0:00:10]} 33. e4 {[%clk 0:00:44]} fxe4
{[%clk 0:00:08]} 34. Nxe4 {[%clk 0:00:45]} f5 {[%clk 0:00:09]} 35. Ned2
{[%clk 0:00:43]} Bb4 {[%clk 0:00:07]} 36. Ra7 {[%clk 0:00:41]} Rd8
{[%clk 0:00:08]} 37. Kf1 {[%clk 0:00:39]} Bc5 {[%clk 0:00:09]} 38. Ra5
{[%clk 0:00:32]} Bb4 {[%clk 0:00:09]} 39. Rb5 {[%clk 0:00:31]} Bxd2
{[%clk 0:00:10]} 40. Rxd2 {[%clk 0:00:30]} Rxc4 {[%clk 0:00:07]} 41. bxc4
{[%clk 0:00:26]} Ne3+ {[%clk 0:00:08]} 42. Ke2 {[%clk 0:00:21]} Rxd2+
{[%clk 0:00:06]} 43. Kxd2 {[%clk 0:00:22]} Nxc4+ {[%clk 0:00:07]} 44. Kd3
{[%clk 0:00:23]} Nd6 {[%clk 0:00:07]} 45. Rb6 {[%clk 0:00:21]} Ne4
{[%clk 0:00:06]} 46. f3 {[%clk 0:00:21]} Ng5 {[%clk 0:00:06]} 47. Ke3
{[%clk 0:00:17]} Kf7 {[%clk 0:00:07]} 48. h4 {[%clk 0:00:16]} Nh7
{[%clk 0:00:07]} 49. Rb7+ {[%clk 0:00:17]} Kg6 {[%clk 0:00:08]} 50. h5+
{[%clk 0:00:18]} 1-0

[Event "Blitz 2018"]
[Site "Saint-Petersburg"]
[Date "2018.12.29"]
[Round "6"]
[Board "44"]
[White "Sakaev Konstantin (RUS)"]
[Black "Fedoseev Vladimir (RUS)"]
[Result "0-1"]
[LiveChessVersion "1.4.8"]
[BlackElo "2750"]
[WhiteElo "2551"]

1. d4 {[%clk 0:03:03]} Nf6 {[%clk 0:03:03]} 2. c4 {[%clk 0:03:04]} e6
{[%clk 0:03:04]} 3. Nf3 {[%clk 0:03:05]} b6 {[%clk 0:03:06]} 4. a3
{[%clk 0:03:06]} Bb7 {[%clk 0:03:02]} 5. Bf4 {[%clk 0:03:05]} c5 {[%clk 0:03:00]}
6. Nc3 {[%clk 0:03:04]} cxd4 {[%clk 0:02:58]} 7. Qxd4 {[%clk 0:03:04]} Nc6
{[%clk 0:02:54]} 8. Qd3 {[%clk 0:03:04]} Nh5 {[%clk 0:02:50]} 9. Bd2
{[%clk 0:02:38]} Be7 {[%clk 0:02:46]} 10. g4 {[%clk 0:02:28]} Nf6
{[%clk 0:02:44]} 11. g5 {[%clk 0:02:28]} Nh5 {[%clk 0:02:01]} 12. Rg1
{[%clk 0:02:20]} Rc8 {[%clk 0:01:57]} 13. Bh3 {[%clk 0:02:03]} Qc7
{[%clk 0:01:34]} 14. Rg4 {[%clk 0:01:28]} g6 {[%clk 0:01:12]} 15. O-O-O
{[%clk 0:00:51]} Ba6 {[%clk 0:01:07]} 16. Kb1 {[%clk 0:00:50]} O-O
{[%clk 0:00:55]} 17. Nb5 {[%clk 0:00:43]} Qb8 {[%clk 0:00:56]} 18. Rh4
{[%clk 0:00:34]} Rcd8 {[%clk 0:00:53]} 19. Bc3 {[%clk 0:00:21]} d5
{[%clk 0:00:47]} 20. Nfd4 {[%clk 0:00:14]} Ne5 {[%clk 0:00:29]} 21. Qe3
{[%clk 0:00:15]} Nxc4 {[%clk 0:00:22]} 22. Nc6 {[%clk 0:00:16]} Qb7
{[%clk 0:00:23]} 23. Rxc4 {[%clk 0:00:14]} Bxb5 {[%clk 0:00:16]} 24. Nxe7+ Qxe7
25. Qe5 f6 {[%clk 0:00:17]} 26. Bxe6+ {[%clk 0:00:08]} Kh8 {[%clk 0:00:13]} 27.
gxf6 {[%clk 0:00:09]} Qxf6 {[%clk 0:00:09]} 28. Rc7 {[%clk 0:00:06]} d4
{[%clk 0:00:10]} 29. Bxd4 {[%clk 0:00:06]} Rxd4 {[%clk 0:00:05]} 30. Qxd4
{[%clk 0:00:07]} Bxe2 {[%clk 0:00:06]} 31. Qxf6+ {[%clk 0:00:05]} Nxf6
{[%clk 0:00:07]} 32. Rd2 {[%clk 0:00:06]} Bf3 {[%clk 0:00:08]} 33. Rf7
{[%clk 0:00:06]} Rxf7 34. Bxf7 Kg7 {[%clk 0:00:08]} 35. Bc4 {[%clk 0:00:07]} Kh6
{[%clk 0:00:08]} 36. Rd6 {[%clk 0:00:07]} Kg5 {[%clk 0:00:08]} 37. Bd3
{[%clk 0:00:06]} Ng4 {[%clk 0:00:09]} 38. Rd7 {[%clk 0:00:05]} Ne5
{[%clk 0:00:10]} 39. Rd8 {[%clk 0:00:05]} Nxd3 {[%clk 0:00:11]} 40. Rxd3
{[%clk 0:00:05]} Be4 {[%clk 0:00:13]} 41. Kc2 {[%clk 0:00:05]} Bxd3+
{[%clk 0:00:14]} 42. Kxd3 {[%clk 0:00:05]} Kg4 {[%clk 0:00:16]} 43. Kc4
{[%clk 0:00:06]} Kh3 {[%clk 0:00:15]} 44. Kb5 {[%clk 0:00:07]} Kxh2
{[%clk 0:00:16]} 45. Ka6 {[%clk 0:00:09]} Kg1 {[%clk 0:00:16]} 46. Kxa7
{[%clk 0:00:10]} h5 {[%clk 0:00:17]} 47. b4 {[%clk 0:00:10]} h4 48. a4 h3
{[%clk 0:00:19]} 0-1

[Event "Blitz 2018"]
[Site "Saint-Petersburg"]
[Date "2018.12.29"]
[Round "6"]
[Board "45"]
[White "Huzman Alexander (ISR)"]
[Black "Melkumyan Hrant (ARM)"]
[Result "0-1"]
[LiveChessVersion "1.4.8"]
[BlackElo "2699"]
[WhiteElo "2543"]

1. d4 {[%clk 0:03:03]} e6 {[%clk 0:03:02]} 2. c4 {[%clk 0:03:03]} b6
{[%clk 0:03:04]} 3. Nf3 {[%clk 0:02:58]} Bb7 {[%clk 0:03:04]} 4. g3
{[%clk 0:02:59]} Bb4+ {[%clk 0:03:05]} 5. Bd2 {[%clk 0:02:56]} Bxf3
{[%clk 0:03:04]} 6. exf3 {[%clk 0:02:57]} Bxd2+ {[%clk 0:03:04]} 7. Qxd2
{[%clk 0:02:58]} Ne7 {[%clk 0:03:05]} 8. h4 {[%clk 0:02:55]} d5 {[%clk 0:03:03]}
9. Nc3 {[%clk 0:02:43]} O-O {[%clk 0:02:59]} 10. f4 {[%clk 0:02:40]} Nbc6
{[%clk 0:02:47]} 11. Rd1 {[%clk 0:02:38]} dxc4 {[%clk 0:02:39]} 12. Bxc4
{[%clk 0:02:35]} Nb4 {[%clk 0:02:38]} 13. O-O {[%clk 0:02:33]} c6
{[%clk 0:02:32]} 14. Qe2 {[%clk 0:02:33]} Qd7 {[%clk 0:02:30]} 15. a3
{[%clk 0:02:28]} Nbd5 {[%clk 0:02:31]} 16. Ne4 {[%clk 0:02:28]} Rad8
{[%clk 0:02:32]} 17. Ng5 {[%clk 0:02:29]} h6 {[%clk 0:02:30]} 18. Nf3
{[%clk 0:02:30]} Nf5 {[%clk 0:02:25]} 19. Rc1 {[%clk 0:02:25]} Rc8
{[%clk 0:02:15]} 20. Rfd1 {[%clk 0:02:25]} Rfd8 {[%clk 0:02:15]} 21. Ba2
{[%clk 0:02:21]} a5 {[%clk 0:02:14]} 22. Bb1 {[%clk 0:02:13]} Qd6
{[%clk 0:02:03]} 23. Bxf5 {[%clk 0:01:59]} exf5 {[%clk 0:02:04]} 24. Ne5
{[%clk 0:02:00]} Qe6 {[%clk 0:01:33]} 25. Qf3 {[%clk 0:01:48]} f6
{[%clk 0:01:24]} 26. Nc4 {[%clk 0:01:42]} Qe4 {[%clk 0:01:25]} 27. Qb3
{[%clk 0:01:38]} a4 {[%clk 0:01:24]} 28. Qc2 {[%clk 0:01:30]} Kh7
{[%clk 0:01:03]} 29. Re1 {[%clk 0:01:12]} Qxc2 {[%clk 0:01:01]} 30. Rxc2
{[%clk 0:01:13]} Rc7 {[%clk 0:00:45]} 31. Rec1 {[%clk 0:01:14]} Kg8
{[%clk 0:00:42]} 32. Ne3 {[%clk 0:00:53]} Ne7 {[%clk 0:00:43]} 33. Rc4
{[%clk 0:00:50]} b5 {[%clk 0:00:42]} 34. Rc5 {[%clk 0:00:48]} Rb7
{[%clk 0:00:21]} 35. Nxf5 {[%clk 0:00:46]} Nxf5 {[%clk 0:00:22]} 36. Rxf5
{[%clk 0:00:47]} Rb6 {[%clk 0:00:17]} 37. Rd1 {[%clk 0:00:44]} Kf7
{[%clk 0:00:18]} 38. Rc5 {[%clk 0:00:45]} Ke6 {[%clk 0:00:17]} 39. Kg2
{[%clk 0:00:42]} Rd5 {[%clk 0:00:14]} 40. Kf3 {[%clk 0:00:41]} Kd6
{[%clk 0:00:15]} 41. Rc2 {[%clk 0:00:31]} b4 {[%clk 0:00:15]} 42. axb4
{[%clk 0:00:29]} Rxb4 {[%clk 0:00:16]} 43. Rd3 {[%clk 0:00:28]} Rbxd4
{[%clk 0:00:13]} 44. Rdc3 {[%clk 0:00:30]} Rd3+ {[%clk 0:00:14]} 45. Rxd3
{[%clk 0:00:28]} Rxd3+ {[%clk 0:00:15]} 46. Ke4 {[%clk 0:00:29]} Rd5
{[%clk 0:00:13]} 47. Rc4 {[%clk 0:00:30]} f5+ {[%clk 0:00:13]} 48. Ke3
{[%clk 0:00:31]} Ra5 {[%clk 0:00:13]} 49. Rd4+ {[%clk 0:00:32]} Kc5
{[%clk 0:00:10]} 50. Kd3 {[%clk 0:00:27]} Ra7 {[%clk 0:00:06]} 51. Rc4+
{[%clk 0:00:27]} Kb5 {[%clk 0:00:08]} 52. Kc3 {[%clk 0:00:28]} c5
{[%clk 0:00:09]} 53. h5 {[%clk 0:00:16]} a3 {[%clk 0:00:10]} 54. Kd4 0-1

[Event "Blitz 2018"]
[Site "Saint-Petersburg"]
[Date "2018.12.29"]
[Round "6"]
[Board "46"]
[White "Fridman Daniel (GER)"]
[Black "Ragger Markus (AUT)"]
[Result "0-1"]
[LiveChessVersion "1.4.8"]
[BlackElo "2677"]
[WhiteElo "2530"]

1. d4 {[%clk 0:03:03]} Nf6 {[%clk 0:03:04]} 2. Nf3 {[%clk 0:03:03]} g6
{[%clk 0:03:05]} 3. g3 {[%clk 0:03:04]} Bg7 {[%clk 0:03:06]} 4. Bg2
{[%clk 0:03:05]} O-O {[%clk 0:03:07]} 5. c4 c6 6. O-O {[%clk 0:03:06]} d5
{[%clk 0:03:09]} 7. Qb3 {[%clk 0:03:07]} Qb6 {[%clk 0:03:10]} 8. Nc3
{[%clk 0:03:06]} Rd8 {[%clk 0:03:11]} 9. c5 {[%clk 0:02:55]} Qxb3
{[%clk 0:03:11]} 10. axb3 {[%clk 0:02:55]} Na6 {[%clk 0:03:09]} 11. Bf4
{[%clk 0:02:40]} Nd7 {[%clk 0:03:10]} 12. e4 {[%clk 0:02:00]} dxe4
{[%clk 0:03:10]} 13. Nxe4 {[%clk 0:02:01]} Nb4 {[%clk 0:03:06]} 14. Bd2
{[%clk 0:01:53]} Nd5 {[%clk 0:03:06]} 15. b4 {[%clk 0:01:54]} a6 {[%clk 0:03:05]}
16. Rfe1 {[%clk 0:01:52]} Nf8 {[%clk 0:03:03]} 17. Bc3 {[%clk 0:01:51]} Ne6
{[%clk 0:02:59]} 18. Rad1 {[%clk 0:01:51]} Nec7 {[%clk 0:02:59]} 19. Ned2
{[%clk 0:01:47]} Nb5 {[%clk 0:02:57]} 20. Nc4 {[%clk 0:01:48]} Nbxc3
{[%clk 0:02:47]} 21. bxc3 {[%clk 0:01:48]} Nxc3 {[%clk 0:02:48]} 22. Nb6
{[%clk 0:01:41]} Rb8 {[%clk 0:02:02]} 23. Rd3 {[%clk 0:01:41]} Nd5
{[%clk 0:01:54]} 24. Nxd5 {[%clk 0:01:37]} Rxd5 {[%clk 0:01:55]} 25. Rxe7
{[%clk 0:01:13]} Be6 {[%clk 0:01:55]} 26. h4 {[%clk 0:00:50]} Bf6
{[%clk 0:01:46]} 27. Rxe6 {[%clk 0:00:51]} fxe6 {[%clk 0:01:43]} 28. Bh3
{[%clk 0:00:43]} Re8 {[%clk 0:01:37]} 29. Re3 {[%clk 0:00:44]} Kf7
{[%clk 0:01:32]} 30. Re4 {[%clk 0:00:45]} h6 {[%clk 0:01:27]} 31. Bf1
{[%clk 0:00:46]} Rdd8 {[%clk 0:01:11]} 32. Bc4 {[%clk 0:00:47]} a5
{[%clk 0:01:06]} 33. bxa5 {[%clk 0:00:34]} Ra8 {[%clk 0:01:08]} 34. a6
{[%clk 0:00:35]} bxa6 {[%clk 0:01:09]} 35. Re3 {[%clk 0:00:25]} a5
{[%clk 0:01:10]} 36. Rb3 {[%clk 0:00:23]} Ra7 {[%clk 0:01:10]} 37. Rb6
{[%clk 0:00:24]} Rc8 {[%clk 0:01:03]} 38. Kf1 {[%clk 0:00:24]} a4
{[%clk 0:01:03]} 39. Ke2 {[%clk 0:00:25]} a3 {[%clk 0:01:05]} 40. Ba2
{[%clk 0:00:27]} Ke7 {[%clk 0:01:03]} 41. Ke3 {[%clk 0:00:27]} Kd7
{[%clk 0:01:03]} 42. Nd2 {[%clk 0:00:27]} Kc7 {[%clk 0:01:00]} 43. Ne4
{[%clk 0:00:10]} Bh8 {[%clk 0:00:58]} 44. Nc3 {[%clk 0:00:10]} Rb8
{[%clk 0:00:44]} 45. Rxb8 {[%clk 0:00:11]} Kxb8 {[%clk 0:00:45]} 46. Ke4
{[%clk 0:00:12]} Rd7 {[%clk 0:00:41]} 47. Ne2 {[%clk 0:00:12]} Rb7
{[%clk 0:00:42]} 48. Bxe6 {[%clk 0:00:10]} Re7 {[%clk 0:00:41]} 0-1

[Event "Blitz 2018"]
[Site "Saint-Petersburg"]
[Date "2018.12.29"]
[Round "6"]
[Board "48"]
[White "Mikhalevski Victor (ISR)"]
[Black "Bosiocic Marin (CRO)"]
[Result "0-1"]
[LiveChessVersion "1.4.8"]
[BlackElo "2653"]
[WhiteElo "2521"]

1. d4 {[%clk 0:03:03]} d6 {[%clk 0:03:04]} 2. Nf3 {[%clk 0:03:02]} g6
{[%clk 0:03:05]} 3. g3 {[%clk 0:03:01]} Bg7 {[%clk 0:03:06]} 4. Bg2
{[%clk 0:03:02]} Nf6 {[%clk 0:03:07]} 5. b3 {[%clk 0:03:02]} O-O {[%clk 0:03:07]}
6. Bb2 {[%clk 0:03:04]} c6 {[%clk 0:03:08]} 7. O-O {[%clk 0:03:02]} Bf5
{[%clk 0:03:09]} 8. Nbd2 {[%clk 0:02:55]} Ne4 {[%clk 0:03:05]} 9. Nh4
{[%clk 0:02:48]} Nxd2 {[%clk 0:03:06]} 10. Qxd2 {[%clk 0:02:45]} Bc8
{[%clk 0:02:58]} 11. Rad1 {[%clk 0:02:35]} a5 {[%clk 0:02:56]} 12. a4
{[%clk 0:02:28]} Nd7 {[%clk 0:02:48]} 13. e4 {[%clk 0:02:27]} Qc7
{[%clk 0:02:39]} 14. f4 {[%clk 0:02:21]} b5 {[%clk 0:02:39]} 15. axb5
{[%clk 0:02:13]} cxb5 {[%clk 0:02:40]} 16. Ra1 {[%clk 0:02:03]} Bb7
{[%clk 0:02:40]} 17. e5 {[%clk 0:01:51]} Bxg2 {[%clk 0:02:31]} 18. Nxg2
{[%clk 0:01:52]} Rfc8 {[%clk 0:02:28]} 19. Ne3 {[%clk 0:01:53]} a4
{[%clk 0:02:08]} 20. Nd5 {[%clk 0:01:29]} Qd8 {[%clk 0:02:09]} 21. exd6
{[%clk 0:01:16]} exd6 {[%clk 0:02:10]} 22. Rfe1 {[%clk 0:01:15]} Kh8
{[%clk 0:02:00]} 23. Qd3 {[%clk 0:00:52]} Nf6 {[%clk 0:01:53]} 24. Nb4
{[%clk 0:00:40]} Qb6 {[%clk 0:01:43]} 25. Kg2 {[%clk 0:00:35]} d5
{[%clk 0:01:23]} 26. Re5 {[%clk 0:00:26]} Bf8 {[%clk 0:01:25]} 27. Bc3
{[%clk 0:00:08]} Qb7 {[%clk 0:00:59]} 28. Be1 {[%clk 0:00:05]} Bd6
{[%clk 0:00:55]} 29. Re2 {[%clk 0:00:05]} Ne4 {[%clk 0:00:53]} 30. Rb1
{[%clk 0:00:04]} a3 {[%clk 0:00:51]} 31. Na2 {[%clk 0:00:05]} b4 {[%clk 0:00:49]}
32. Qf3 {[%clk 0:00:00]} f5 0-1

[Event "Blitz 2018"]
[Site "Saint-Petersburg"]
[Date "2018.12.29"]
[Round "6"]
[Board "49"]
[White "Zvjaginsev Vadim (RUS)"]
[Black "Tang Andrew (USA)"]
[Result "1/2-1/2"]
[LiveChessVersion "1.4.8"]
[BlackElo "2501"]
[WhiteElo "2649"]

1. e4 {[%clk 0:03:03]} e5 {[%clk 0:03:03]} 2. Nf3 {[%clk 0:03:03]} Nc6
{[%clk 0:03:04]} 3. g3 {[%clk 0:03:05]} Nf6 {[%clk 0:03:04]} 4. d3
{[%clk 0:03:06]} Bc5 {[%clk 0:03:03]} 5. Bg2 {[%clk 0:03:07]} d6 {[%clk 0:03:03]}
6. O-O {[%clk 0:03:07]} O-O {[%clk 0:03:03]} 7. c3 {[%clk 0:03:08]} a6
{[%clk 0:03:03]} 8. a4 {[%clk 0:03:08]} h6 {[%clk 0:03:01]} 9. Na3
{[%clk 0:03:09]} Re8 {[%clk 0:02:52]} 10. Nc2 {[%clk 0:03:06]} Bd7
{[%clk 0:02:37]} 11. Be3 {[%clk 0:03:00]} Bxe3 {[%clk 0:02:31]} 12. Nxe3
{[%clk 0:03:00]} Qc8 {[%clk 0:02:32]} 13. Re1 {[%clk 0:02:59]} Bh3
{[%clk 0:02:30]} 14. Bh1 {[%clk 0:03:00]} Ne7 {[%clk 0:02:27]} 15. Qc2
{[%clk 0:02:59]} Ng6 {[%clk 0:02:22]} 16. Rad1 {[%clk 0:02:56]} Qd7
{[%clk 0:02:20]} 17. d4 {[%clk 0:02:54]} Rad8 {[%clk 0:01:37]} 18. dxe5
{[%clk 0:02:52]} Nxe5 {[%clk 0:01:37]} 19. Nxe5 {[%clk 0:02:51]} Rxe5
{[%clk 0:01:37]} 20. f4 {[%clk 0:02:52]} Ra5 {[%clk 0:00:48]} 21. e5
{[%clk 0:02:42]} Ng4 {[%clk 0:00:44]} 22. Nxg4 {[%clk 0:02:39]} Bxg4
{[%clk 0:00:44]} 23. Rd4 {[%clk 0:02:39]} b5 {[%clk 0:00:36]} 24. axb5
{[%clk 0:02:20]} axb5 {[%clk 0:00:37]} 25. Qd2 {[%clk 0:02:10]} Ra6
{[%clk 0:00:36]} 26. exd6 {[%clk 0:01:55]} Rxd6 {[%clk 0:00:33]} 27. Rxd6
{[%clk 0:01:40]} Qxd6 {[%clk 0:00:33]} 28. Qxd6 {[%clk 0:01:41]} Rxd6
{[%clk 0:00:34]} 29. Re8+ {[%clk 0:01:42]} Kh7 {[%clk 0:00:36]} 30. Be4+
{[%clk 0:01:43]} f5 {[%clk 0:00:32]} 31. Bc2 {[%clk 0:01:38]} Rd2
{[%clk 0:00:32]} 32. Bb3 {[%clk 0:01:39]} g5 {[%clk 0:00:19]} 33. Re7+
{[%clk 0:01:31]} Kg6 {[%clk 0:00:21]} 34. Rxc7 {[%clk 0:01:23]} Rxb2
{[%clk 0:00:21]} 35. Rc6+ {[%clk 0:01:23]} Kg7 {[%clk 0:00:21]} 36. Rc7+
{[%clk 0:01:22]} Kg6 {[%clk 0:00:22]} 37. Rc6+ {[%clk 0:01:21]} Kg7
{[%clk 0:00:23]} 1/2-1/2

[Event "Blitz 2018"]
[Site "Saint-Petersburg"]
[Date "2018.12.29"]
[Round "6"]
[Board "50"]
[White "Nozdrachev Vladislav (RUS)"]
[Black "Anton Guijarro David (ESP)"]
[Result "1-0"]
[LiveChessVersion "1.4.8"]
[BlackElo "2631"]
[WhiteElo "2521"]

1. e4 {[%clk 0:03:03]} e5 {[%clk 0:03:03]} 2. Nf3 {[%clk 0:03:03]} Nc6
{[%clk 0:03:03]} 3. Bc4 {[%clk 0:03:04]} Bc5 {[%clk 0:03:04]} 4. d3
{[%clk 0:03:04]} Nf6 {[%clk 0:03:03]} 5. c3 {[%clk 0:03:05]} d6 {[%clk 0:03:02]}
6. a4 {[%clk 0:03:05]} a5 {[%clk 0:03:03]} 7. O-O {[%clk 0:03:04]} h6
{[%clk 0:03:03]} 8. Re1 {[%clk 0:03:01]} O-O {[%clk 0:03:02]} 9. Nbd2
{[%clk 0:02:44]} Be6 {[%clk 0:02:48]} 10. Nf1 {[%clk 0:02:32]} Bxc4
{[%clk 0:02:48]} 11. dxc4 {[%clk 0:02:33]} Qd7 {[%clk 0:02:37]} 12. Ng3
{[%clk 0:02:31]} Qe6 {[%clk 0:02:37]} 13. b3 {[%clk 0:02:32]} Ne7
{[%clk 0:02:28]} 14. h3 {[%clk 0:02:28]} Kh7 {[%clk 0:02:27]} 15. Ra2
{[%clk 0:02:22]} g6 {[%clk 0:02:12]} 16. Be3 {[%clk 0:02:14]} Bxe3
{[%clk 0:02:11]} 17. Rxe3 {[%clk 0:02:15]} Nd7 {[%clk 0:02:10]} 18. Rd2
{[%clk 0:02:12]} Nc5 {[%clk 0:02:09]} 19. Re1 {[%clk 0:01:55]} Ng8
{[%clk 0:02:05]} 20. Nf1 {[%clk 0:01:47]} Nf6 {[%clk 0:02:02]} 21. Qc2
{[%clk 0:01:45]} Kg7 {[%clk 0:02:01]} 22. N3h2 {[%clk 0:01:32]} Rh8
{[%clk 0:01:51]} 23. f3 {[%clk 0:01:33]} Nh5 {[%clk 0:01:48]} 24. Ne3
{[%clk 0:01:33]} Nf4 {[%clk 0:01:43]} 25. h4 {[%clk 0:01:34]} Rad8
{[%clk 0:01:32]} 26. g3 {[%clk 0:01:34]} Nh5 {[%clk 0:01:32]} 27. Kg2
{[%clk 0:01:34]} Nf6 {[%clk 0:01:31]} 28. b4 {[%clk 0:01:29]} Ncd7
{[%clk 0:01:32]} 29. Red1 {[%clk 0:01:15]} Ra8 {[%clk 0:01:27]} 30. Nd5
{[%clk 0:01:04]} Nxd5 {[%clk 0:01:26]} 31. cxd5 {[%clk 0:00:54]} Qe8
{[%clk 0:01:27]} 32. Qb3 {[%clk 0:00:42]} Nb6 {[%clk 0:01:25]} 33. Ra2
{[%clk 0:00:43]} axb4 {[%clk 0:01:23]} 34. a5 {[%clk 0:00:42]} Nc8
{[%clk 0:01:12]} 35. cxb4 {[%clk 0:00:43]} Na7 {[%clk 0:01:12]} 36. Qc4
{[%clk 0:00:33]} Nb5 {[%clk 0:01:11]} 37. h5 {[%clk 0:00:30]} Rc8
{[%clk 0:01:11]} 38. Ng4 {[%clk 0:00:29]} Qd7 {[%clk 0:01:04]} 39. Ne3
{[%clk 0:00:28]} Rhe8 {[%clk 0:00:52]} 40. a6 {[%clk 0:00:28]} bxa6
{[%clk 0:00:53]} 41. Rxa6 {[%clk 0:00:28]} Ra8 {[%clk 0:00:51]} 42. Rc6
{[%clk 0:00:29]} Nd4 {[%clk 0:00:38]} 43. Rxc7 {[%clk 0:00:30]} Ra2+
{[%clk 0:00:39]} 44. Qxa2 {[%clk 0:00:25]} Qxc7 {[%clk 0:00:40]} 45. Qb2
{[%clk 0:00:22]} Rb8 {[%clk 0:00:34]} 46. hxg6 {[%clk 0:00:21]} fxg6
{[%clk 0:00:35]} 47. Rc1 {[%clk 0:00:20]} Qf7 {[%clk 0:00:35]} 48. f4
{[%clk 0:00:20]} Qe7 {[%clk 0:00:30]} 49. Nc4 {[%clk 0:00:18]} Kh7
{[%clk 0:00:30]} 50. fxe5 {[%clk 0:00:17]} dxe5 {[%clk 0:00:31]} 51. d6
{[%clk 0:00:16]} Qg5 {[%clk 0:00:23]} 52. Rf1 {[%clk 0:00:15]} h5
{[%clk 0:00:21]} 53. Qf2 {[%clk 0:00:14]} Kh6 {[%clk 0:00:14]} 54. d7
{[%clk 0:00:15]} h4 {[%clk 0:00:08]} 55. Rh1 {[%clk 0:00:13]} Kg7
{[%clk 0:00:06]} 56. Rxh4 {[%clk 0:00:14]} Rd8 {[%clk 0:00:05]} 57. Nd6
{[%clk 0:00:07]} Rxd7 {[%clk 0:00:03]} 58. Ne8+ {[%clk 0:00:08]} Kg8
{[%clk 0:00:04]} 59. Nf6+ {[%clk 0:00:09]} Kg7 {[%clk 0:00:05]} 60. Rh7+
{[%clk 0:00:10]} Kf8 {[%clk 0:00:04]} 61. Nxd7+ {[%clk 0:00:10]} Ke8
{[%clk 0:00:05]} 62. Qf8# 1-0